Êtes-vous graphiste ? - Statistiques

Statistiques générales
  • Ce quiz a été pris 116 fois
  • Le résultat moyen est 5 sur 10
Statistiques - réponses
Question Réponse % Correct
Comment désigne-t-on une surface de couleur uniforme ? Un aplat
96%
En quelle résolution mon image doit-elle être pour être imprimée en bonne qualité ? 300 DPI
92%
Comment nomme-t-on le petit texte introductif d'un article ? Le chapô
58%
Quelle est l'unité de mesure des interlignes d'un texte ? Le point
58%
Laquelle de ces images correspond à la famille typographique GARALDES ?
54%
Quelle mise en page donne l'idée d'un ouvrage de luxe ?
50%
En quelle année est apparue la codification Pantone ? 1963
33%
Que sont les couleurs additives ? La combinaison du rouge, du vert et du bleu qui donne du blanc dans le système RVB.
33%
Quelle typographie devez-vous choisir pour consommer le moins d'encre possible à l'impression ? Garamond
29%
Comment s'appelle le trait vertical ascendant composant un caractère typographique ? La hampe
29%
Aucun quiz correspondant
Distribution des résultats
% des personnes avec chaque résultat
Percentile par nombre de réponses
Votre historique - résultats
Vous n’avez pas pris ce quiz